| 000 | 00524nam a22001577a 4500 | ||
|---|---|---|---|
| 008 | 230530b |||||||| |||| 00| 0 eng d | ||
| 040 |
_aNational Science Library _cNational Science Library |
||
| 080 |
_a582.28:536.45 _bK4 |
||
| 100 |
_aCooney, Donald G _910401 |
||
| 245 |
_aThermophilic fungi: _bAn account of their biology, activities, and classification |
||
| 260 |
_aLondon: _bW. H. Freeman and Company, _c1964 |
||
| 300 | _axii, 188p. | ||
| 650 | _aThermophilic fungi | ||
| 700 | _aEmerson, Ralph | ||
| 942 |
_2udc _cBK |
||
| 999 |
_c36882 _d36882 |
||